000 00788nam a2200229 a 4500
001 44536
003 BD-RjUL
005 20211209053857.0
008 160718s1974 bg ||||| |||| 00| 0 ben d
020 _c: Tk.13.75
035 _a(BD-RjUL)44654
040 _aBD-RjUL
_bben
_cBD-RjUL
_dBD-RjUL
041 _aben
082 _223
_a891.44408
_bHUS 1974
100 _aহক, আবদুল
_9136665
245 1 0 _aসাহিত্য ও স্বাধীনতা /
_cআবদুল হক
260 _aঢাকা :
_bবাংলা একাডেমী,
_c১৯৭৪
300 _a১৯৩ পৃ. ;
_c২৩ সেমি.
650 _aবাংলা প্রবন্ধ
_vসংগ্রহ
_9136666
650 _aBengali essays
_vCollections
_9136667
942 _2ddc
_cBK
_03
999 _c44536
_d44536